Drużyny Ekstraklasy w Piłce Nożnej - Sezon 2022/2023 - Statystyki

Ogólne statystyki
  • Ten quiz został rozwiązany 12 472 razy
    2 918 od ostatniego zresetowania
  • Średni wynik to 13 z 18
Statystyki odpowiedzi
Poprzedni Sezon (2021 / 2022) Drużyna % Poprawnych
10 Legia Warszawa
98%
1 Lech Poznań
97%
2 Raków Częstochowa
90%
3 Pogoń Szczecin
84%
4 Lechia Gdańsk
83%
15 Śląsk Wrocław
77%
9 Cracovia
74%
12 Jagiellonia Białystok
74%
2 (I Liga) Widzew Łódź
70%
8 Górnik Zabrze
69%
11 Warta Poznań
67%
Baraże (I Liga) Korona Kielce
66%
6 Wisła Płock
65%
5 Piast Gliwice
64%
13 Zagłębie Lubin
64%
14 Stal Mielec
60%
7 Radomiak Radom
59%
1 (I Liga) Miedź Legnica
58%
Nie znaleziono quizów pasujących do podanych kryteriów
Rozkład punktacji
Procent ludzi z każdym wynikiem
Percentyl według liczby udzielonych odpowiedzi
Twoja historia wyników
Nie rozwiązałeś tego quizu od ostatniego zresetowania